000 01908cam a2200409 a 4500
001 EDZ0000116318
003 StDuBDS
005 20161031105110.0
006 m||||||||d||||||||
007 cr |||||||||||
008 130111s2005 enk fo| 000|0|eng d
020 _a9781446261101 (ebook) :
_cNo price
040 _aStDuBDS
_beng
_cStDuBDS
_epn
049 _aAlfaisal Main Library
050 0 _aHF5415.32
_b.C654 2005
082 0 4 _a658.8342
_223
245 0 0 _aConsumer behavior I
_h[electronic resource] :
_bresearch and influences /
_cedited by Margaret K. Hogg.
260 _aLondon :
_bSAGE,
_c2005.
300 _a1 online resource (3 v. (various pagings)).
490 1 _aSAGE library in business and management
505 0 _av. 1. Consumer behavior as a field of study -- v. 2. Consumer decision-making -- v. 3. Consumer socialization: childhood, children and families.
520 8 _aContaining classic and contemporary writings, including the most widely cited and influential papers that examine consumer behaviour as a field of study, this volume looks at consumer decision-making, consumer socialization, and concentrates on studies of childhood, children and family consumer behaviour.
521 _aSpecialized.
588 _aDescription based on print version record.
504 _aIncludes bibliographical references.
650 0 _aConsumer behavior.
655 7 _aElectronic books.
_2local
700 1 _aHogg, Margaret K.
710 2 _aSage eBooks
740 0 2 _aConsumer behavior as a field of study.
740 0 2 _aConsumer decision-making.
740 0 2 _aConsumer socialization: childhood, children and families.
776 0 8 _iPrint version :
_z9781412908412
830 0 _aSAGE library in business and management.
856 4 0 _uhttp://ezproxy.alfaisal.edu/login?url=http://sk.sagepub.com/navigator/consumer-behavior-i-research-and-influences
942 _2lcc
_cEBOOKS
999 _c479285
_d479285